Statistiques concernant TGV arrêts Paris - Luxembourg

Cliquez ici pour prendre le quiz!

Statistiques générales

  • Ce quiz a été pris 107 fois
  • Le résultat moyen est 4 sur 5

Statistiques - réponses

PaysVille% Correct
LuxembourgLuxembourg
95%
FranceParis Est
94%
FranceMetz
88%
FranceChampagne-Ardenne
85%
FranceThionville
60%

Distribution des résultats

Percentile par nombre de réponses

% des personnes avec chaque résultat

Votre développement - résultats

Vous n’avez pas pris ce quiz